[Event "150th Dundee Grandmaster Chess"]
[Site "Dundee"]
[Date "2017.07.23"]
[Round "9"]
[White "Rozentalis, Eduardas"]
[Black "Greet, Andrew N"]
[Result "1/2-1/2"]
[WhiteElo "2509"]
[BlackElo "2447"]
[Annotator "TA"]
[PlyCount "270"]
[EventDate "2017.??.??"]
[EventCountry "SCO"]
[SourceTitle "playchess.com"]
[Source "ChessBase"]
[SourceQuality "1"]

{[%evp 22,270,0,0,0,0,0,6,10,0,14,12,8,8,12,4,16,16,15,25,22,10,8,10,22,0,20,0,10,0,0,0,0,0,0,0,8,0,0,0,23,13,13,16,14,17,22,11,22,7,45,35,38,46,43,35,37,28,201,194,170,61,47,12,17,9,31,27,26,7,12,0,0,0,18,18,18,28,20,0,0,0,7,0,9,0,29,10,43,0,0,0,0,0,69,8,55,8,8,0,0,0,0,0,13,0,250,281,273,284,284,210,186,0,257,0,186,111,148,146,143,165,157,47,178,145,150,137,147,62,63,36,180,28,28,28,602,592,583,274,260,241,266,237,247,237,216,57,57,57,57,57,57,57,57,57,57,57,57,57,57,57,64,64,64,57,57,57,57,57,57,58,58,58,61,61,61,58,61,58,61,61,64,57,57,57,61,61,63,57,57,57,58,32,32,20,20,20,20,20,20,20,20,20,20,20,20,20,20,20,20,20,20,20,20,20,20,7,20,0,28,0,20,0,0,0,0,0,28,0,20,0,0,0,0,0,0,0,0,0,0,0,0,0,0,0,0,0,0,0,0]} 1. e4 e6 2. d4 d5 3. Nd2 c5 4. Ngf3 cxd4 5. exd5 Qxd5 6. Bc4 Qd6 7. O-O Nf6 8. Re1 Nc6 9. Nb3 Bd7 10. Nbxd4 Nxd4 11. Qxd4 Qxd4 12. Nxd4 Rc8 {C07: French Tarrasch: 3...c5, 4 Ngf3 and 4 exd5 Qxd5} 13. Bd3 (13. Bb3) 13... Bc5 14. Nb3 Bb6 15. Bf4 $146 (15. Bd2 {seems wilder.} O-O 16. Na5 Bd4 17. Rab1 Ba4 18. b3) ({Predecessor:} 15. h3 O-O 16. Bd2 Bc6 17. a4 Rfd8 18. a5 Bc7 19. Rad1 e5 20. a6 {½-½ (45) Muminova,N (2324)-Repkova,E (2332) Baku 2016}) 15... Bc7 (15... Ba4 {looks sharper.} 16. Bd6 Kd7 17. Bb4 Rhd8 18. c4 Kc7) 16. Bxc7 Rxc7 17. Nd4 g6 18. c3 Ke7 19. f4 Kd8 20. Rad1 Kc8 21. Nf3 (21. Be4 $5) 21... Ba4 22. Rd2 Rd8 23. g3 Rcd7 24. Nd4 Rd6 (24... Bc6 $5) 25. Bf1 (25. Be4 $5) 25... a6 26. Bg2 Kc7 27. Bf3 h5 28. Kf1 R8d7 (28... Bc6 $5 29. Bxc6 Rxc6 $11) 29. Kg2 Bc6 30. Bxc6 bxc6 31. Rde2 c5 32. Nf3 Kd8 33. Ne5 Rb7 34. h3 Ke7 35. g4 hxg4 36. hxg4 Nd7 37. Nc4 Rd5 38. Kf3 Nb6 39. Ne5 Na4 $2 (39... Nd7 $11) 40. c4 $1 $18 {[%cal Rc4d5]} Rd6 41. b3 (41. Rh1 $18) 41... Nb6 $1 $14 42. Re3 (42. f5 $5 gxf5 43. gxf5 $16) 42... Nd7 43. Nd3 Kf6 44. Rh1 a5 45. Rh7 Ke7 46. Nf2 Nf6 47. Rh8 a4 48. g5 Nd7 49. Ne4 Ra6 50. Nc3 axb3 51. axb3 Rb8 52. Rh7 (52. Nd5+ $5 Kd6 53. Rxb8 Nxb8 54. Nc3 $11) 52... Kf8 53. Nb5 Rd8 54. Re2 Nb8 55. Nc7 (55. f5 $5 gxf5 56. g6 fxg6 57. Nc7 $11) 55... Rad6 56. Rh8+ Ke7 57. Rh7 {Black must now prevent f5!} Rd3+ (57... Nc6 $11 58. Kg4 Nd4) 58. Kg4 (58. Kf2 $1 $14 Kf8 59. f5 exf5 60. Ne8 $1 {[%mdl 512]}) 58... Kf8 59. Nd5 (59. Nxe6+ $5 fxe6 60. Rxe6 $16) 59... Nc6 60. Nf6 Ke7 61. Nd5+ Kd6 62. Nf6 $36 {[%mdl 2048] Black is under pressure.} Nd4 63. Ra2 {Threatens to win with Ne4+.} Kc6 $2 (63... Nf5 $1 $11 {and Black stays safe.} 64. Ne4+ Kc7) 64. Rxf7 $18 {[%cal Ra2a6]} Rxb3 65. Ra6+ Rb6 66. Raa7 Rb4 {[#]} 67. Ra6+ (67. Nd5 $142 $1 {[%mdl 512]} Rxc4 (67... exd5 68. Rf6+) 68. Ne7+ Kb5 69. Nxg6) 67... Rb6 68. Raa7 {White threatens Rfc7+ and mate.} Rb4 $1 {[#]} 69. Rfc7+ (69. Nd5 $1 $18 {[%mdl 512] Threatening mate with Ra6+.} Rxc4 (69... exd5 70. Rf6+) 70. Ne7+ Kb5 71. Nxg6) 69... Kb6 $16 70. Nd7+ Rxd7 71. Rxd7 Rxc4 {[%mdl 4096] Endgame KRR-KRN} 72. Rdb7+ Kc6 73. Rg7 Rc1 74. Rxg6 Rg1+ 75. Kh3 ({White should play} 75. Kh4 $1 $16) 75... Kd5 $1 $14 76. Ra3 Ke4 (76... e5 $14) 77. Rf6 $2 ({White must play} 77. Rg3 $1 $18 {[%cal Rg3g1]} Rh1+ 78. Kg4) 77... e5 $11 78. Rg3 Rh1+ $2 {[%mdl 8192]} (78... Rxg3+ $11 79. Kxg3 c4 80. fxe5 c3) 79. Kg2 $1 $18 {[%cal Rg2h1]} Rh8 80. fxe5 (80. g6 $142) 80... Nf5 81. Rh3 ({Don't take} 81. Rc3 $6 Rg8 $16) 81... Rg8 {[#]} 82. g6 $1 Kxe5 83. Ra6 {aiming for Rh5.} Kf4 {[#]} 84. Rc6 $2 (84. Kf2 $1 $18) 84... Kg5 $14 85. Rxc5 Rxg6 86. Rf3 Rf6 87. Ra3 Kg6 88. Kh3 Rf7 89. Ra6+ Rf6 90. Ra1 Re6 91. Kg4 Ng7 92. Rg5+ Kh7 93. Ra7 Rg6 94. Kh4 Kh6 95. Re5 Rc6 96. Ra8 Rc4+ 97. Kh3 Kg6 98. Ra6+ Kf7 99. Kg3 Rd4 100. Kf3 (100. Rg5 {is interesting.} Rd3+ 101. Kg4 Rd4+ 102. Kh3 Rd3+ 103. Kg2) 100... Rc4 101. Rb5 {Hoping for Rb7+.} (101. Rg5 {is more complex.} Rc7 102. Rgg6 Ne8 103. Rh6 Kg7 104. Rhe6) 101... Rc7 102. Ke4 Re7+ 103. Kf4 Ne6+ 104. Kg4 Ng7 105. Ra4 Re6 106. Rb7+ Kg6 107. Ra8 {Rg8 is the strong threat.} Ne8 108. Rd8 Nf6+ 109. Kf4 Re4+ 110. Kf3 Re5 111. Ra8 Rf5+ 112. Ke3 Re5+ 113. Kd4 Rd5+ 114. Kc4 Rf5 115. Ra1 Rf4+ 116. Kc5 Rg4 117. Rf1 Rg5+ 118. Kd6 Ne4+ 119. Kc6 Nf6 120. Re7 Rf5 121. Rd1 (121. Rg7+ $5 Kxg7 122. Rxf5 $14) 121... Rg5 122. Kd6 Rg4 123. Re5 Ra4 124. Rg1+ Rg4 125. Rf1 Ra4 {The position is equal.} 126. Ke7 Ra7+ 127. Kd8 Ra8+ 128. Kc7 Ra7+ 129. Kc6 Ra6+ 130. Kb7 (130. Kb5 $5 {[%cal Rb5a6]} Rd6 131. Kc5 $14) 130... Rd6 131. Re7 Nd5 132. Re2 Nf6 133. Rc2 Re6 134. Rc6 Re7+ 135. Kb6 Rf7 {Precision: White = 40%, Black = 61%.} 1/2-1/2

[Event "150th Dundee Grandmaster Chess"]
[Site "Dundee"]
[Date "2017.07.23"]
[Round "9"]
[White "Williams, Simon K"]
[Black "Petr, Martin"]
[Result "1-0"]
[WhiteElo "2442"]
[BlackElo "2486"]
[Annotator "TA"]
[PlyCount "71"]
[EventDate "2017.??.??"]
[EventCountry "SCO"]
[SourceTitle "playchess.com"]
[Source "ChessBase"]
[SourceQuality "1"]

{[%evp 14,71,43,19,18,0,15,0,8,0,4,10,8,8,46,53,67,30,66,26,89,96,81,37,52,38,91,93,107,93,93,99,172,166,168,165,168,170,176,160,166,166,283,277,296,279,289,286,282,280,406,406,446,430,1252,1253,1366,1390,2540,1393]} 1. e4 e6 2. d4 d5 3. Nc3 dxe4 4. Nxe4 Nd7 5. Nf3 Ngf6 6. Nxf6+ Nxf6 7. Bd3 c5 8. Bg5 cxd4 {C10: French with 3 Nc3: Unusual Black 3rd moves and 3...dxe4} (8... Qa5+ 9. Bd2 Qc7 10. Qe2 a6 11. O-O-O b5 12. Rhe1 c4 13. Be4 Nxe4 14. Qxe4 Bb7 15. Qg4 O-O-O 16. Bf4 {0-1 (67) Sutovsky,E (2675)-Roiz,M (2658) Netanya 2009}) 9. Bxf6 gxf6 {[#]} 10. Nxd4 $1 {[%mdl 512]} Bc5 {The position is equal.} (10... Qxd4 11. Bb5+) 11. Nb3 {Bb5+ is the strong threat.} Bb4+ $146 ({Predecessor:} 11... Bb6 12. Qg4 Bd7 13. a4 a6 14. a5 Ba7 15. Qg7 Ke7 16. Qg4 {1-0 (33) Lubbe,N (2254)-Berchtenbreiter,M (2137) Dresden 2008}) 12. c3 Be7 13. O-O Bd7 14. Qh5 Qc7 15. Bb5 Rd8 16. Rad1 {Strongly threatening Rxd7.} a6 (16... O-O $11 {keeps the balance.}) 17. Bxd7+ $16 Rxd7 18. Rxd7 Qxd7 19. Rd1 Qa4 (19... Qc6 $14) 20. Qf3 Qb5 21. c4 {[%cal Bc3c4,Bc4c5][%mdl 32]} Qb6 {[#]} 22. Qg3 $1 Bd8 (22... Kf8 $16) 23. c5 $36 {[%mdl 2048] White is in control.} Qc7 24. Qg7 Rf8 25. Qxh7 f5 26. Qg7 Be7 27. h3 Bxc5 {[#]} (27... Qc6 {was called for.} 28. Qg3 Bd8) 28. Rc1 $1 ({Not} 28. Nxc5 Qxc5 29. Qg5 f6 $16) 28... b6 29. Nxc5 bxc5 {[%mdl 4096] Endgame KQR-KQR} 30. b4 c4 31. Qd4 Rg8 (31... Qd8 $142 32. Qxc4 Rg8) 32. Rxc4 Qb7 {[%csl Gg8][%cal Rb7g2]} 33. g3 {And now Qd6 would win.White is clearly winning.} Qd7 (33... Rg6 $142 34. Qd6 e5 35. Qxe5+ Re6 36. Qh8+ Ke7 37. Qh4+ Ke8 38. Qh8+ Ke7) 34. Qc3 Qd1+ 35. Kh2 Rg6 36. Qh8+ {Precision: White = 80%, Black = 28%.} 1-0

[Event "150th Dundee Grandmaster Chess"]
[Site "Dundee"]
[Date "2017.07.23"]
[Round "9"]
[White "McNab, Colin A"]
[Black "Cramling, Pia"]
[Result "0-1"]
[WhiteElo "2435"]
[BlackElo "2444"]
[Annotator "TA"]
[PlyCount "70"]
[EventDate "2017.??.??"]
[EventCountry "SCO"]
[SourceTitle "playchess.com"]
[Source "ChessBase"]
[SourceQuality "1"]

1. Nf3 {Program Activation Required} d5 2. g3 g6 3. Bg2 Bg7 4. d3 Nf6 5. O-O O-O 6. Nbd2 c5 7. e4 Nc6 8. exd5 Nxd5 9. Nc4 b6 10. Re1 Bb7 11. c3 Qc7 12. a4 Rad8 {A08: King's Indian Attack} 13. Qb3 Ba6 (13... h6 14. a5 e6 15. Bd2 Nce7 16. axb6 axb6 17. Ra7 Ra8 18. Rea1 Rxa7 19. Rxa7 Ra8 20. Qa4 Rxa7 21. Qxa7 {½-½ (78) Bocharov,D (2560)-Svidler,P (2727) Berlin 2015}) 14. Qa3 $146 ({NOTEXT:} 14. Ng5 e6 15. a5 Nxa5 16. Nxa5 bxa5 {0-1 (61) Suleymanyants,O (2268)-Antipov,M (2584) Kolomna 2016}) 14... Rd7 15. Bd2 Rfd8 16. Bh3 e6 17. Bg5 Re8 18. Rad1 h6 19. Bc1 Red8 20. Qb3 Qb8 21. Qc2 Ndb4 22. cxb4 Nxb4 23. Qe2 Nxd3 24. Bxe6 Nxe1 25. Rxe1 Re7 26. Bf4 Qb7 27. Bxf7+ Rxf7 28. b3 Qd5 29. h4 Bb7 30. Ncd2 Bc3 31. Qe6 Qxe6 32. Rxe6 Bxd2 33. Rxg6+ Kh7 34. Rxh6+ Kg7 35. Nxd2 Rxf4 0-1

[Event "150th Dundee Grandmaster Chess"]
[Site "Dundee"]
[Date "2017.07.23"]
[Round "9"]
[White "Arkell, Keith C"]
[Black "Pritchett, Craig W"]
[Result "1-0"]
[WhiteElo "2424"]
[BlackElo "2326"]
[Annotator "TA"]
[PlyCount "103"]
[EventDate "2017.??.??"]
[EventCountry "SCO"]
[SourceTitle "playchess.com"]
[Source "ChessBase"]
[SourceQuality "1"]

{[%evp 10,103,13,12,25,16,14,0,0,-15,-10,-16,-16,-18,-8,-18,-18,-15,0,0,15,-16,-18,-32,-35,-43,-32,-78,-8,0,0,2,23,38,106,96,96,97,118,100,122,139,243,243,235,241,232,236,280,275,280,185,279,272,287,309,254,275,295,248,363,358,372,363,360,306,345,330,637,647,645,641,639,641,518,430,432,391,524,623,575,561,575,557,1221,992,1588,1658,1487,1528,1205,1124,1670,1633,2186,1640]} 1. d4 Nf6 2. Nf3 e6 3. c3 c5 4. Bg5 d5 5. e3 Qb6 6. Qc2 Nbd7 {D03: 1 d4 d5 2 Nf3 Nf6 3 Bg5, including Torre Attack with early ...d5} (6... Nc6 7. Nbd2 Be7 8. Bd3 h6 9. Bh4 Bd7 10. O-O Rc8 11. Qb1 cxd4 12. exd4 Nh5 13. Bxe7 Nxe7 14. a4 Nf4 15. Bc2 O-O 16. Re1 Nc6 17. Nf1 Nh5 18. Ne5 Nxe5 19. Rxe5 {1-0 (34) Romanov,E (2636)-Pavlidis,A (2463) Skopje 2014}) 7. Nbd2 h6 8. Bxf6 $146 ({Predecessor:} 8. Bh4 g5 9. Bg3 Nh5 10. Bd3 Nxg3 11. hxg3 Bg7 12. O-O f5 13. g4 fxg4 14. Nh2 Nf6 15. Be2 O-O 16. Bxg4 Bd7 17. Ndf3 cxd4 18. exd4 Ne4 19. Bh5 Qa5 20. Bg6 Ba4 {0-1 (20) Eiti,B (1813)-Hanninger,S (2171) Kemer 2009}) 8... Nxf6 {The position is equal.} 9. Ne5 Bd6 10. f4 Bd7 11. a4 a6 12. Bd3 Qc7 13. O-O Bc6 14. Ndf3 O-O 15. a5 Bb5 16. g4 Bxd3 17. Qxd3 Ne4 18. h4 f6 ({Black should play} 18... cxd4 $17 19. exd4 f6) 19. Ng6 $11 Rfe8 20. Nd2 c4 21. Qc2 f5 (21... Nxd2 $14 22. Qxd2 Rab8) 22. Nxe4 $16 dxe4 23. h5 fxg4 24. Qg2 Qf7 25. Qxg4 Qf5 {[#]} (25... Rab8 $16 {might work better.} 26. Ne5 Bxe5 27. fxe5 Qe7) 26. Qxf5 $1 $18 exf5 27. Ra4 Rac8 28. Ne5 g5 29. hxg6 (29. Rxc4 g4 $16) 29... Re6 30. Kh2 (30. Nxc4 $6 Rxg6+ 31. Kf2 Rc7 $16) 30... Kg7 (30... Bxe5 {was worth a try.} 31. fxe5 Rxg6 32. Rxf5 Rc7) 31. Rg1 (31. Nxc4 $6 Kxg6 32. Rg1+ Kh7 $18) 31... Bxe5 32. fxe5 Rxg6 {[%mdl 4096] Endgame KRR-KRR} 33. Rb4 Rc7 34. Rg3 Rg4 (34... Rg5 $142 35. Rb6 Re7) 35. Rxg4+ fxg4 {KR-KR} 36. Kg3 h5 37. Kh4 Rf7 38. Rb6 (38. Rxc4 Rf3 $11) (38. Kxh5 $2 g3 $19) 38... g3 $2 (38... Kh7 39. b3 (39. Kxh5 $2 g3 $19) 39... cxb3 40. Rxb3 (40. Kxh5 $2 g3 $17) 40... Kg8) 39. Kxg3 Rf3+ 40. Kh4 Rxe3 {intending ...Rf3.} 41. Rxb7+ Kf8 42. Rb6 Rf3 {[#] Hoping for ...e3.} 43. Rg6 $1 e3 44. Rg1 {White is clearly winning.} Rf2 45. Re1 Rxb2 46. Rxe3 Rb5 47. Kxh5 Rxa5 48. Kg6 Ke7 49. Kf5 Ra1 50. Ke4 Rd1 51. Rh3 a5 52. Kd5 {Precision: White = 75%, Black = 39%.} 1-0

[Event "150th Dundee Grandmaster Chess"]
[Site "Dundee"]
[Date "2017.07.23"]
[Round "9"]
[White "Arakhamia-Grant, Ketevan"]
[Black "Kapnisis, Spyridon"]
[Result "1/2-1/2"]
[WhiteElo "2364"]
[BlackElo "2464"]
[Annotator "TA"]
[PlyCount "115"]
[EventDate "2017.??.??"]
[EventCountry "SCO"]
[SourceTitle "playchess.com"]
[Source "ChessBase"]
[SourceQuality "1"]

{[%evp 16,115,59,52,56,0,-4,0,0,0,0,0,0,0,0,0,0,0,0,-72,-76,-75,-85,-70,0,0,0,0,13,10,23,19,44,23,45,19,26,18,35,8,35,12,22,30,51,46,50,50,90,0,0,0,116,0,0,0,-25,-45,0,-60,-31,-35,0,0,0,0,0,0,0,0,0,0,0,0,0,0,0,-2,0,0,0,0,0,0,0,0,0,0,0,0,0,0,0,0,0,0,0,0,0,0,0,0]} 1. e4 e5 2. Nf3 Nc6 3. Bb5 a6 4. Ba4 d6 5. c3 f5 6. exf5 Bxf5 7. O-O Bd3 8. Re1 Be7 9. Re3 e4 {C74: Ruy Lopez: Deferred Steinitz: 5 c3 f5} 10. Nd4 ({White should try} 10. Na3 $14) (10. Na3 Nf6 11. Ng5 Qd7 12. Qb3 O-O-O 13. Nf7 Qf5 14. Bxc6 bxc6 15. Nxd8 Bxd8 16. f3 Re8 17. Nc2 {0-1 (27) Poetsch,H (2494)-Timman,J (2610) Germany 2015}) 10... Qd7 $11 11. Nxc6 bxc6 12. Bc2 Nf6 13. Bxd3 exd3 14. Rxd3 O-O $1 15. Rf3 Ng4 $1 16. d4 $146 ({Predecessor:} 16. Rxf8+ Rxf8 {1-0 (33) Hoffmann,A-Karl,H (2345) Lugano 1982}) 16... Bh4 {And now ...Rxf3 would win.} 17. Be3 (17. Rxf8+ $11 {remains equal.} Rxf8 18. f3) 17... Rxf3 $1 $17 18. gxf3 Nxe3 19. fxe3 {[%cal Bf2e3,Be3e4][%mdl 32]} Re8 ({Better is} 19... Qe7 $15 20. e4 Qg5+ 21. Kh1 Rb8) 20. e4 $1 $11 Bg5 21. Nd2 Qh3 22. Nf1 Bf4 23. Qe2 Re6 24. Kh1 Rg6 25. Re1 Rg5 26. Rd1 Rg6 27. b4 h6 28. a4 Kh7 29. a5 Rg5 30. d5 cxd5 31. Rxd5 Be5 {[#]} 32. Rd3 (32. b5 $1 $16) 32... Bf4 33. Rd5 ({White should play} 33. c4 $11) 33... Be5 $16 {[#]} 34. Rd3 ({White must play} 34. b5 $1 $16) 34... Bf4 $11 35. c4 c6 36. Rd1 Qe6 37. Rb1 (37. Ne3 $11) 37... Qg6 {[%csl Gg6][%cal Rg5g1]} 38. Qf2 $1 Qf6 39. b5 {The position is equal.} cxb5 40. cxb5 Rxb5 41. Rxb5 axb5 42. a6 {Strongly threatening e5.} Qa1 43. a7 b4 44. Kg2 {aiming for e5!} b3 45. Qb6 Qa2+ 46. Kg1 Be5 47. a8=Q Qxa8 48. Qxb3 Qa7+ 49. Kg2 $1 Qd4 50. Qe3 Qd1 51. Qd2 Qb1 52. Ne3 Qb3 53. Nf5 Qe6 54. h4 (54. f4 $5 {[%cal Rf4e5]} Bc3 55. Qd5 Qxd5 56. exd5 $11) 54... Qg6+ 55. Kh3 Qg1 {( -> ...Qh1+)} 56. Qg2 Qxg2+ 57. Kxg2 h5 58. Kh3 {Precision: White = 62%, Black = 66%.} 1/2-1/2